Textbook of human embryology : with clinical cases and 3D illustrations
Guardat en:
| Autor principal: | |
|---|---|
| Format: | Llibre |
| Idioma: | anglès |
| Publicat: |
CBS Publisher
2019
|
| Etiquetes: |
Afegir etiqueta
Sense etiquetes, Sigues el primer a etiquetar aquest registre!
|
MARC
| LEADER | 00000nam a22000007a 4500 | ||
|---|---|---|---|
| 008 | 210913b ||||| |||| 00| 0 eng d | ||
| 020 | |a 9789388108379 | ||
| 100 | |a SONTAKKE, Yogesh | ||
| 245 | |a Textbook of human embryology : with clinical cases and 3D illustrations |c / [by] Yogesh Sontakke |g vi, 320p. : ill. | ||
| 260 | |b CBS Publisher |c 2019 |h New Delhi |i 697034 |i 697035 |l QM 601. S05 |m Embryology, Human | ||
| 500 | |a It includes index | ||
| 942 | |a lcc |c BK |e ADEYEYE Y. S. |f 13 - 09 - 2021 | ||
| 952 | |0 0 |1 0 |2 lcc |4 0 |6 QM0601 S05 |7 0 |9 3539 |a HOL |b HOL |c QZ |d 2021-09-13 |l 0 |o QM 601. S05 |p 2021-67267 |r 2021-09-13 00:00:00 |w 2021-09-13 |y BK | ||
| 952 | |0 0 |1 0 |2 lcc |4 0 |6 QM0601 S05 |7 0 |9 3540 |a HOL |b HE |c QZ |d 2021-09-13 |l 0 |o QM 601. S05 |p 2021-67268 |r 2021-09-13 00:00:00 |w 2021-09-13 |y BK | ||
| 999 | |c 1753 |d 1753 | ||